|
|
|
|
| LEADER |
00000nsc a2200000 a 4500 |
| 001 |
41368-44 |
| 005 |
20230308205559.0 |
| 008 |
974012|1967 ||||||||r|||||||||||spa|| |
| 040 |
|
|
|b spa
|
| 041 |
1 |
|
|a spa
|
| 082 |
0 |
|
|a 862.4
|
| 100 |
1 |
|
|a Retes, Ignacio
|9 286394
|
| 245 |
|
|
|a Viento Sur: fragmentos de un tiempo inolvidable; los últimos días de Emiliano Zapata
|c Ignacio Retes
|h imp
|
| 264 |
|
|
|a Monterrey
|b Ediciones Sierra Madre
|c 1967
|
| 300 |
|
|
|a 24 páginas:
|c 21 cm
|
| 490 |
|
|
|a Poesía en el mundo
|n no. 44
|
| 650 |
1 |
|
|a Teatro mexicano
|9 5354
|
| 852 |
|
|
|a UC-CDJBV
|c ESTANTERIA CERRADA
|f Compra
|k margarita.gutierrez
|l 1
|m General
|p 19740124
|q 5,00
|r 2
|t 41368-44
|b 0
|d CDRC
|e CDRC
|g 862.4 ESTANTERIA CERRADA
|z 1974-40-12
|
| 942 |
|
|
|
| 999 |
|
|
|c 111980
|d 111980
|